Zdaňovanie pri presune do zahraničia (exit tax) od roku 2018

Novelou zákona č. 595/2003 Z. z. o dani z príjmov v z. n. p. (ďalej len „ZDP“) sa zdaňuje presun majetku alebo presun podnikateľskej činnosti zo Slovenskej republiky do zahraničia (t. j. odchod zo SR). Doplnením § 17f a § 17g do ZDP sa prebrali pravidlá zdaňovania určené smernicou Rady (EÚ) 2016/116...

ver descrição completa

Na minha lista:
Detalhes bibliográficos
Autor principal: Kolembus, Anton
Formato: Capítulo de Livro
Idioma:eslovaco
Assuntos:
Tags: Adicionar Tag
Sem tags, seja o primeiro a adicionar uma tag!

MARC

LEADER 00000naa a2200000 4500
001 0247849
005 20180921135705.7
041 0 |a slo 
044 |a SK 
245 1 0 |a Zdaňovanie pri presune do zahraničia (exit tax) od roku 2018  |c Anton Kolembus 
520 |a Novelou zákona č. 595/2003 Z. z. o dani z príjmov v z. n. p. (ďalej len „ZDP“) sa zdaňuje presun majetku alebo presun podnikateľskej činnosti zo Slovenskej republiky do zahraničia (t. j. odchod zo SR). Doplnením § 17f a § 17g do ZDP sa prebrali pravidlá zdaňovania určené smernicou Rady (EÚ) 2016/1164 z 12. júla 2016, ktorou sa stanovujú pravidlá proti praktikám vyhýbania sa daňovým povinnostiam, ktoré majú priamy vplyv na fungovanie vnútorného trhu. Cieľom je, aby sa zabezpečilo, že daň sa bude platiť tam, kde sa vytvárajú zisky a hodnota. 
610 2 0 |a dane 
610 2 0 |a povinnosť daňová 
610 2 0 |a majetok 
610 2 0 |a podnikanie 
610 2 0 |a podnikanie medzinárodné 
610 2 0 |a podnikanie v zahraničí 
100 1 |a Kolembus, Anton